| 000 | 00486 a2200145 4500 | ||
|---|---|---|---|
| 020 | _a0763733148 | ||
| 040 |
_aDLC _bDLC |
||
| 100 | 1 | _aRicardo, Catherine M. | |
| 245 | 1 | 0 |
_aDatabases illuminated _cCatherine M. Ricardo. |
| 260 |
_aSudbury, Mass. : _bJones and Bartlett Publishers, _cc2004. |
||
| 300 |
_axix, 874 p. : _bill. ; _c24 cm. |
||
| 650 | 0 | _aDatabase management. | |
| 856 | 4 | 1 |
_3Table of contents _uhttp://www.loc.gov/catdir/toc/ecip0410/2003023650.html |
| 942 |
_cBK _k005.74 RIC _2ddc |
||
| 999 |
_c6553 _d6553 |
||